Statistiques concernant Les 20 pays avec le plus de vaches

Cliquez ici pour prendre le quiz!

Statistiques générales

  • Ce quiz a été pris 126 fois
  • Le résultat moyen est 13 sur 20

Statistiques - réponses

# vachespays% Correct
19.2 milFrance
98%
88.5 milEtats-Unis
95%
117 milChine
93%
19.6 milRussie
93%
212 milBrésil
90%
187 milInde
90%
51.6 milArgentine
89%
32.9 milMexique
84%
29.1 milAustralie
82%
15.2 milIndonésie
62%
24.2 milColombie
60%
39.7 milPakistan
58%
16.8 milVenezuela
48%
23.5 milBangladesh
41%
19.5 milNigeria
36%
56.7 milÉthiopie
35%
30.2 milSoudan
32%
15.5 milBirmanie
30%
17.8 milKenya
29%
25.0 milTanzanie
22%

Distribution des résultats

Percentile par nombre de réponses

% des personnes avec chaque résultat

Votre développement - résultats

Vous n’avez pas pris ce quiz